| 000 | 00738nam a22002057a 4500 | ||
|---|---|---|---|
| 999 |
_c13696 _d13696 |
||
| 003 | AR-CdUCM | ||
| 008 | 190416b ||||| |||| 00| 0 spa d | ||
| 040 |
_aMUNICIPALIDAD PROVINCIAL DEL CUSCO _cBIBLIOTECA MUNICIPAL DEL CUSCO |
||
| 082 |
_a341.92 / _bL13 / 1954 |
||
| 100 |
_aLabarthe, Manuel _932195 |
||
| 245 | _aLa filosofía jurídica de Gustavo Radbruch / | ||
| 260 |
_aLima : _bRevista del foro, _c1954. |
||
| 300 |
_a16 páginas ; _c25 cm. |
||
| 505 | _aContenido : Conferencia dedicada en el paraninfo de la universidad de San Antonio Abad del Cuzco el 7 de noviembre de 1954. | ||
| 650 |
_aConferencia _911919 |
||
| 650 |
_aFilosofía _9395 |
||
| 650 |
_aJurídica _922814 |
||
| 942 |
_2ddc _cLIBROS |
||
| 945 |
_arah _d16/04/2019 |
||